Les Archives canadiennes en 1992 / sous la direction de Marcel Caya ; avec la collaboration de Marion Beyea et de Stan B. Hanson
Descripción Física:
177 p., [16] p. de làm. ; 19 x 25 cm
Materias:
Arxius -- Canadà
MARC
| LEADER | 00000nam a2200000Ia 4500 | ||
|---|---|---|---|
| 001 | 9795 | ||
| 008 | 160829s1992 xx 000 0 cat d | ||
| 080 | |a A-2-42 | ||
| 100 | |a Caya, Marcel |9 26070 | ||
| 245 | |a Les Archives canadiennes en 1992 / sous la direction de Marcel Caya ; avec la collaboration de Marion Beyea et de Stan B. Hanson | ||
| 260 | |a Ottawa : |b Conseil Canadien des Archives, |c 1992 | ||
| 300 | |a 177 p., [16] p. de làm. ; |c 19 x 25 cm | ||
| 650 | |a Arxius |x Canadà |9 26071 | ||
| 700 | |a Beyea, Marion |9 26072 | ||
| 700 | |a Hanson, Stan B. |9 26073 | ||
| 700 | |a Conseil Canadien des Archives (Otawa) |9 26074 | ||
| 901 | |a Arxiu | ||
| 942 | |n 1 | ||
| 952 | |0 0 |1 0 |4 0 |6 A242 |7 1 |9 43872 |a Arxiu |b Arxiu |d 2016-12-01 |l 0 |o A-2-42 |p 9795 |r 2016-12-01 00:00:00 |w 2016-12-01 |y ARXIU | ||
| 999 | |c 46452 |d 46452 | ||